| 000 | 00592nam a2200229Ia 4500 | ||
|---|---|---|---|
| 003 | OSt | ||
| 005 | 20220928101950.0 | ||
| 006 | a|||||r|||| 00| 0 | ||
| 007 | ta | ||
| 008 | 220927b |||||||| |||| 00| 0 eng d | ||
| 024 | _a59160 | ||
| 037 | _cTextual | ||
| 040 |
_aSDCL _cSDCL _beng |
||
| 041 |
_2eng _aeng |
||
| 082 | _aO152,3N535x, P5 | ||
| 100 |
_aDani Rajendra _9395966 |
||
| 245 | 0 | _aNepathya ka andhera. | |
| 260 |
_aDelhi _bMegha Books _c2005 |
||
| 300 |
_a135p. _ccm. |
||
| 942 |
_hO152,3N535x, P5 _cTEXL _2CC |
||
| 999 |
_c711653 _d711653 |
||